000 00881nas a2200277 4500
001 BR0704813
003 BR-BrBNA
005 20231205110938.0
007 ta
008 230509b bl.|||p| |||| 00| 00por d
040 _aBR-BrBNA
_bpor
_cBiblioteca Nacional de Agricultura
041 _a(Pt)
072 _aS40
100 1 _aDanelon, M.S.
100 1 _aSilva, M.V. da
245 1 _aAnálise das condições higiênico-sanitárias das áreas de preparo e consumo de alimentos, disponíveis para alunos de escolas públicas e privadas
650 _aALIMENTO
650 _aESCOLA
650 _aHIGIENE DE ALIMENTO
650 _aSEGURANÇA ALIMENTAR
650 _aCRIANÇA
650 _aSÃO PAULO
773 0 _tHigiene Alimentar (Brazil)
_xISSN 0101-9171
_g(Jun 2007), v. 21(152) p. 25-30
_wBR0704813
909 _a202311
_bLúcia
_c55
_dLúcia Elande
942 _2AGRIS
_n0
_cANA
999 _c189885
_d189885